UBT Library

Handbook of chemistry and physics. (Record no. 42557)

000 -LEADER
fixed length control field 01320cas a22003851 4500
001 - CONTROL NUMBER
control field 11136341
005 - DATE AND TIME OF LATEST TRANSACTION
control field 20180215032244.0
008 - FIXED-LENGTH DATA ELEMENTS--GENERAL INFORMATION
fixed length control field 741010d19131977ohuar 0 a0eng
010 ## - LIBRARY OF CONGRESS CONTROL NUMBER
LC control number 13011056
016 7# - NATIONAL BIBLIOGRAPHIC AGENCY CONTROL NUMBER
Record control number 0252053
Source DNLM
016 7# - NATIONAL BIBLIOGRAPHIC AGENCY CONTROL NUMBER
Record control number C51320000
Canceled or invalid record control number H01118000
Source DNLM
022 ## - INTERNATIONAL STANDARD SERIAL NUMBER
International Standard Serial Number 0363-3055
Source 1
035 ## - SYSTEM CONTROL NUMBER
System control number (OCoLC)ocm01037189
040 ## - CATALOGING SOURCE
Original cataloging agency DLC
Language of cataloging eng
Transcribing agency NED
Modifying agency YUS
-- NSD
-- DLC
-- TVJ
-- OCL
-- DLC
-- RCS
-- OCL
-- DLC
-- OCL
-- NST
-- AGL
-- NST
-- HUL
-- NLM
-- OCLCQ
-- OCLCG
-- OCLCQ
-- HUL
-- AGL
-- OCLCQ
-- OCLCO
-- OCLCA
-- OCLCF
-- OCLCO
-- LPCLI
-- OCLCQ
-- OCLCO
-- OCLCA
041 ## - LANGUAGE CODE
Language code of text/sound track or separate title eng
042 ## - AUTHENTICATION CODE
Authentication code nsdp
-- pcc
060 00 - NATIONAL LIBRARY OF MEDICINE CALL NUMBER
Classification number QD 65
Item number H236
070 0# - NATIONAL AGRICULTURAL LIBRARY CALL NUMBER
Classification number QD65.H3
072 #0 - SUBJECT CATEGORY CODE
Subject category code X400
072 #0 - SUBJECT CATEGORY CODE
Subject category code X500
080 ## - UNIVERSAL DECIMAL CLASSIFICATION NUMBER
Universal Decimal Classification number 541.9
082 0# - DEWEY DECIMAL CLASSIFICATION NUMBER
Classification number 541.9 HOD
100 ## - Rafti
Rafti 12
101 ## - Shkurtesa
Shkurtesa KIM
222 #0 - KEY TITLE
Key title Handbook of chemistry and physics
245 00 - TITLE STATEMENT
Title Handbook of chemistry and physics.
362 0# - DATES OF PUBLICATION AND/OR SEQUENTIAL DESIGNATION
Dates of publication and/or sequential designation [1st]-57th ed.; 1913-1976/77.
530 ## - ADDITIONAL PHYSICAL FORM AVAILABLE NOTE
Additional physical form available note Also issued online.
590 ## - LOCAL NOTE (RLIN)
Local note SERBIB/SERLOC merged record
776 08 - ADDITIONAL PHYSICAL FORM ENTRY
Display text Online version:
Title Handbook of chemistry and physics
Record control number (OCoLC)607607817
785 00 - SUCCEEDING ENTRY
Title CRC handbook of chemistry and physics
International Standard Serial Number 0147-6262
Record control number (DLC) 77641777
-- (OCoLC)3208084
906 ## - LOCAL DATA ELEMENT F, LDF (RLIN)
a 7
b cbc
c serials
d 3
e ncip
f 19
g n-oclcserc
942 ## - ADDED ENTRY ELEMENTS (KOHA)
Source of classification or shelving scheme
Item type Books
Holdings
Withdrawn status Lost status Source of classification or shelving scheme Damaged status Not for loan Collection code Permanent location Current location Shelving location Date acquired Total Checkouts Full call number Barcode Date last seen Price effective from Koha item type
          Koleksioni i përgjithshem UBT - Lipjan UBT - Lipjan Koleksioni i përgjithshem 02/15/2018   541.9 HOD 002-2997329 02/15/2018 02/15/2018 Books
UBT Library © 2015-2024. All rights reserved University Education for Business and Technology